[Event "27.Schlosspark-Open"]
[Site "Wiesbaden-Biebrich"]
[Date "2015.08.28"]
[Round "2.1"]
[White "Khenkin, Igor"]
[Black "Zeyer, Oliver"]
[Result "1-0"]
[WhiteElo "2596"]
[BlackElo "2001"]
[PlyCount "49"]
[EventDate "2015.??.??"]
[WhiteTeam "SG Porz"]
[BlackTeam "SF HN-Biberach"]

1. d4 Nf6 2. c4 g6 3. Nc3 Bg7 4. e4 d6 5. Nf3 O-O 6. Be2 e5 7. d5 a5 8. Bg5 h6
9. Be3 Na6 10. Nd2 Nd7 11. O-O f5 12. exf5 gxf5 13. f4 e4 14. Nb3 Nac5 15. Nd4
Nf6 16. h3 Bd7 17. b3 Qe7 18. a3 c6 19. dxc6 bxc6 20. Rb1 Ne8 21. b4 axb4 22.
axb4 Ne6 23. b5 cxb5 24. Nd5 Qf7 25. Bh5 1-0

[Event "27.Schlosspark-Open"]
[Site "Wiesbaden-Biebrich"]
[Date "2015.08.28"]
[Round "2.2"]
[White "Biehl, Tim"]
[Black "Ikonnikov, Vyacheslav"]
[Result "0-1"]
[WhiteElo "2013"]
[BlackElo "2519"]
[PlyCount "34"]
[EventDate "2015.??.??"]
[WhiteTeam "SVG Saarbrücken"]
[BlackTeam "SF Bad Mergentheim"]

1. e4 c5 2. c3 d6 3. d4 Nf6 4. Bd3 g6 5. Nf3 Bg7 6. O-O O-O 7. Re1 cxd4 8. cxd4
Bg4 9. Nc3 Nc6 10. Be3 Bxf3 11. Qxf3 Nd7 12. Ne2 Nce5 13. dxe5 Nxe5 14. Qh3
Nxd3 15. Bd4 Nxe1 16. Bxg7 Kxg7 17. Qc3+ Kg8 0-1

[Event "27.Schlosspark-Open"]
[Site "Wiesbaden-Biebrich"]
[Date "2015.08.28"]
[Round "2.3"]
[White "Levin, Felix"]
[Black "Schmitt, Carsten"]
[Result "1-0"]
[WhiteElo "2503"]
[BlackElo "1988"]
[PlyCount "103"]
[EventDate "2015.??.??"]
[WhiteTeam "SV Mülheim-Nord"]
[BlackTeam "SV Bergwinkel"]

1. d4 d5 2. c4 e6 3. Nf3 c5 4. cxd5 exd5 5. Nc3 Nc6 6. dxc5 d4 7. Na4 Bxc5 8.
Nxc5 Qa5+ 9. Qd2 Qxc5 10. a3 Nge7 11. b4 Qb6 12. Bb2 O-O 13. Bxd4 Nxd4 14. Qxd4
Rd8 15. Qxb6 axb6 16. e3 Nc6 17. b5 Nb4 18. Rc1 Rxa3 19. Nd4 Bg4 20. h3 Rc8 21.
Rb1 Bh5 22. Be2 Bxe2 23. Kxe2 Ra2+ 24. Kf3 Nd3 25. Rhf1 Rca8 26. g4 Rd2 27.
Rbd1 Raa2 28. Rxd2 Rxd2 29. Kg3 g6 30. f4 Rb2 31. Ra1 Nc5 32. Ra8+ Kg7 33. Re8
Rd2 34. g5 f5 35. gxf6+ Kxf6 36. h4 Kf7 37. Rc8 Ne4+ 38. Kf3 Nc5 39. Rc7+ Kg8
40. f5 gxf5 41. Nxf5 Rd7 42. Rxd7 Nxd7 43. Ke4 Kf7 44. Kd5 Kf6 45. e4 Ne5 46.
Nd4 Nf7 47. Nf3 h5 48. e5+ Ke7 49. Nd4 Nh8 50. Nf5+ Ke8 51. e6 Ng6 52. Kd6 1-0

[Event "27.Schlosspark-Open"]
[Site "Wiesbaden-Biebrich"]
[Date "2015.08.28"]
[Round "2.4"]
[White "Brechlin, Olaf"]
[Black "Poetsch, Hagen"]
[Result "1/2-1/2"]
[WhiteElo "1988"]
[BlackElo "2498"]
[PlyCount "111"]
[EventDate "2015.??.??"]
[WhiteTeam "FVS ASP Hoyerswerda"]
[BlackTeam "SF Schöneck"]

1. Nf3 d5 2. b3 Bg4 3. Bb2 f6 4. d4 c5 5. e3 Nc6 6. Be2 e6 7. O-O Bd6 8. dxc5
Bxc5 9. Nd4 Bxe2 10. Qxe2 Qd7 11. Qg4 e5 12. Qxd7+ Kxd7 13. Nf5 g6 14. Ng3 Nge7
15. Nc3 Ke6 16. Rad1 h5 17. Na4 Bd6 18. c4 f5 19. cxd5+ Nxd5 20. e4 Nde7 21. f4
b6 22. exf5+ gxf5 23. Rfe1 h4 24. Ne2 Ng6 25. fxe5 Bxe5 26. Nd4+ Nxd4 27. Bxd4
Rad8 28. Nb2 Rd5 29. Bxe5 Rxe5 30. Nc4 Rxe1+ 31. Rxe1+ Kf6 32. Rd1 Nf4 33. Rd6+
Ke7 34. Rd2 Rg8 35. Kf1 Ne6 36. Ne5 Kf6 37. Nf3 h3 38. gxh3 Rc8 39. h4 f4 40.
h5 Rc5 41. Rd7 Rxh5 42. Rxa7 Rc5 43. Rd7 Rc1+ 44. Kf2 Nc5 45. Rd6+ Kf5 46. Rxb6
Rc2+ 47. Kf1 Ke4 48. Ng5+ Ke3 49. b4 Ne4 50. Re6 Rc1+ 51. Kg2 f3+ 52. Kh3 f2
53. Rxe4+ Kd3 54. Rf4 f1=Q+ 55. Rxf1 Rxf1 56. Kg4 1/2-1/2

[Event "27.Schlosspark-Open"]
[Site "Wiesbaden-Biebrich"]
[Date "2015.08.28"]
[Round "2.5"]
[White "Carlstedt, Jonathan"]
[Black "Ungurean, Florin"]
[Result "1-0"]
[WhiteElo "2463"]
[BlackElo "1966"]
[PlyCount "43"]
[EventDate "2015.??.??"]
[WhiteTeam "Hamburger SK"]
[BlackTeam "SK Geisenheim"]

1. e4 c5 2. Nf3 e6 3. b3 b6 4. Bb2 Bb7 5. e5 Ne7 6. Na3 Ng6 7. Nc4 Be7 8. h4
O-O 9. h5 Nf4 10. d4 Nd5 11. Nd6 Bxd6 12. exd6 cxd4 13. Qxd4 f6 14. Qd2 a5 15.
a3 b5 16. Bxb5 Nb6 17. Rh3 a4 18. Rg3 Kh8 19. Nh4 Rf7 20. Ng6+ Kg8 21. Ne7+
Rxe7 22. Bxf6 1-0

[Event "27.Schlosspark-Open"]
[Site "Wiesbaden-Biebrich"]
[Date "2015.08.28"]
[Round "2.6"]
[White "Steimbach, Isabel"]
[Black "Kollars, Dmitrij"]
[Result "0-1"]
[WhiteElo "1984"]
[BlackElo "2437"]
[PlyCount "70"]
[EventDate "2015.??.??"]
[WhiteTeam "OSG Baden-Baden"]
[BlackTeam "Delmenhorster SK"]

1. e4 e5 2. Nf3 Nc6 3. Bb5 a6 4. Bxc6 dxc6 5. O-O Qf6 6. d4 exd4 7. Bg5 Qd6 8.
e5 Qg6 9. Qxd4 Be7 10. Bf4 Be6 11. Nc3 Qxc2 12. Ne4 Rd8 13. Qe3 Bd5 14. Nfd2
Bb4 15. Rac1 Bxd2 16. Nxd2 Qg6 17. f3 Ne7 18. Qa7 Qf5 19. Bg3 Qc8 20. Nc4 O-O
21. Bh4 Rde8 22. Na5 Ng6 23. Bg3 h5 24. Qxb7 Qf5 25. h3 Qg5 26. Kh2 h4 27. Bf2
Nf4 28. Rg1 Ne2 29. Qb4 Nxc1 30. Bxh4 Qxe5+ 31. Bg3 Nd3 32. Qxf8+ Kxf8 33. Bxe5
Rxe5 34. b3 Re2 35. Rd1 Nf4 0-1

[Event "27.Schlosspark-Open"]
[Site "Wiesbaden-Biebrich"]
[Date "2015.08.28"]
[Round "2.7"]
[White "Geske, Julian"]
[Black "Francke, Helmut"]
[Result "1-0"]
[WhiteElo "2398"]
[BlackElo "1961"]
[PlyCount "69"]
[EventDate "2015.??.??"]
[WhiteTeam "Wiesbadener SV"]
[BlackTeam "SC Bad Nauheim"]

1. d4 Nf6 2. g3 e6 3. c4 Bb4+ 4. Bd2 a5 5. Bg2 Nc6 6. Nf3 d6 7. O-O e5 8. Be3
exd4 9. Nxd4 Ne5 10. Bf4 O-O 11. Qc2 c6 12. h3 Qe7 13. Rd1 Bc5 14. Qb3 a4 15.
Qc3 Nh5 16. Bc1 f5 17. e3 Nf6 18. Qc2 g6 19. Nc3 a3 20. b3 Be6 21. Bd2 Rfd8 22.
Na4 Ba7 23. Bb4 Bb8 24. Bxa3 Bf7 25. Bb2 d5 26. cxd5 Bxd5 27. Nb6 Bxg2 28. Kxg2
Ra6 29. Nc4 Nxc4 30. Qxc4+ Nd5 31. Nf3 Ba7 32. h4 Qc5 33. h5 Qe7 34. hxg6 hxg6
35. Rh1 1-0

[Event "27.Schlosspark-Open"]
[Site "Wiesbaden-Biebrich"]
[Date "2015.08.28"]
[Round "2.8"]
[White "Färber, David"]
[Black "Malek, Daniel"]
[Result "0-1"]
[WhiteElo "1957"]
[BlackElo "2398"]
[PlyCount "78"]
[EventDate "2015.??.??"]
[WhiteTeam "SV Walldorf"]
[BlackTeam "Wiesbadener SV"]

1. e4 e6 2. d4 d5 3. Nd2 Be7 4. Ngf3 Nf6 5. Bd3 c5 6. dxc5 dxe4 7. Nxe4 Nxe4 8.
Bxe4 Qxd1+ 9. Kxd1 Bxc5 10. Ke2 Nd7 11. a3 Ke7 12. Be3 Bxe3 13. Kxe3 Nc5 14.
Rhd1 Nxe4 15. Kxe4 b6 16. Ke3 Bb7 17. Rd4 Rhd8 18. Rad1 Rxd4 19. Rxd4 Rc8 20.
c3 f6 21. Rh4 h6 22. Rg4 g5 23. Rd4 e5 24. Rd1 Rc4 25. Ke2 Rf4 26. Ne1 g4 27.
f3 h5 28. Kf2 gxf3 29. gxf3 f5 30. Rd3 e4 31. Re3 Kf6 32. Kg3 Kg5 33. fxe4 h4+
34. Kg2 fxe4 35. c4 Rf7 36. Re2 e3+ 37. Kg1 Kf4 38. Ng2+ Bxg2 39. Kxg2 Ke4 0-1

[Event "27.Schlosspark-Open"]
[Site "Wiesbaden-Biebrich"]
[Date "2015.08.28"]
[Round "2.9"]
[White "Boidman, Yuri"]
[Black "Cichy, Michael"]
[Result "1-0"]
[WhiteElo "2337"]
[BlackElo "1948"]
[PlyCount "97"]
[EventDate "2015.??.??"]
[WhiteTeam "SC Heimbach-Weis"]
[BlackTeam "SC BS Gliesmarode"]

1. e4 c5 2. Nf3 e6 3. Nc3 a6 4. g3 b5 5. Bg2 Bb7 6. d3 Be7 7. O-O d6 8. d4 cxd4
9. Nxd4 Qc7 10. a4 bxa4 11. Qg4 h5 12. Nxe6 Qxc3 13. Nxg7+ Kf8 14. Nxh5 Qe5 15.
Nf4 Nf6 16. Qe2 Bxe4 17. Bxe4 Qxe4 18. Qd1 Nbd7 19. Re1 Qh7 20. h4 Rc8 21. c3
Ne5 22. Rxa4 Nfg4 23. Kg2 Bxh4 24. Rh1 Qg7 25. Qxd6+ Be7 26. Qxa6 Re8 27. Qf1
Bc5 28. f3 Nf2 29. Rh5 Rxh5 30. Nxh5 Qh7 31. Qb5 Qxh5 32. Qxc5+ Kg8 33. Qxf2
Nd3 34. Rg4+ Qxg4 35. fxg4 Nxf2 36. Kxf2 Re4 37. Bf4 Kf8 38. Kf3 Re1 39. Be3
Ke8 40. Ke4 Kd7 41. b4 Rb1 42. Kd5 Re1 43. Bf4 Rd1+ 44. Kc5 Rd3 45. c4 Rc3 46.
g5 Rc2 47. Kb5 Kc8 48. Kc5 Kd7 49. b5 1-0

[Event "27.Schlosspark-Open"]
[Site "Wiesbaden-Biebrich"]
[Date "2015.08.28"]
[Round "2.10"]
[White "Krüger, Stefan"]
[Black "Keller, Peter"]
[Result "0-1"]
[WhiteElo "1951"]
[BlackElo "2319"]
[PlyCount "66"]
[EventDate "2015.??.??"]
[WhiteTeam "SF Leherheide"]
[BlackTeam "Frankfurter TV"]

1. d4 d5 2. c4 c6 3. Nf3 Nf6 4. Nc3 dxc4 5. a4 Bf5 6. e3 e6 7. Bxc4 Bb4 8. O-O
O-O 9. Nh4 Nbd7 10. Nxf5 exf5 11. Qd3 Nb6 12. Bb3 Qd7 13. a5 Nbd5 14. Bd2 Bd6
15. f3 Rae8 16. Nxd5 Nxd5 17. Bc2 g6 18. e4 Nb4 19. Bxb4 Bxb4 20. exf5 Rd8 21.
fxg6 hxg6 22. a6 b5 23. Rfd1 Kg7 24. Kh1 Rh8 25. f4 Rh5 26. Qg3 Rdh8 27. f5 Bd6
28. Qg4 Rxh2+ 29. Kg1 Qe7 30. Re1 R8h4 31. Qf3 Rf4 32. Qc3 Qh4 33. f6+ Kh6 0-1

[Event "27.Schlosspark-Open"]
[Site "Wiesbaden-Biebrich"]
[Date "2015.08.28"]
[Round "2.11"]
[White "Haag, Martin"]
[Black "Stork, Oliver"]
[Result "1-0"]
[WhiteElo "2316"]
[BlackElo "1934"]
[PlyCount "67"]
[EventDate "2015.??.??"]
[WhiteTeam "SC Bonn Beuel"]
[BlackTeam "SV Oberursel"]

1. c4 e6 2. g3 d5 3. Bg2 Nf6 4. Nf3 Be7 5. O-O O-O 6. d4 c6 7. Qc2 b6 8. Nbd2
Bb7 9. Rd1 Nbd7 10. e4 Rc8 11. e5 Ne8 12. cxd5 cxd5 13. Qa4 Nc7 14. Nf1 a5 15.
Bd2 Ba6 16. Rdc1 Bb5 17. Qb3 Bc4 18. Qd1 Na6 19. Ne3 Nb4 20. Bxb4 Bxb4 21. Nxc4
dxc4 22. a3 Be7 23. Qa4 b5 24. Qxb5 Rb8 25. Qxc4 Rxb2 26. Qc3 Qb6 27. Nd2 Rb5
28. Bc6 Rc8 29. Qf3 Rxe5 30. Bxd7 Rxc1+ 31. Rxc1 Qxd4 32. Qa8+ Bf8 33. Nf3 Qb2
34. Rc8 1-0

[Event "27.Schlosspark-Open"]
[Site "Wiesbaden-Biebrich"]
[Date "2015.08.28"]
[Round "2.12"]
[White "Zimmer, Gerald"]
[Black "Harff, Marcel"]
[Result "0-1"]
[WhiteElo "1934"]
[BlackElo "2313"]
[PlyCount "60"]
[EventDate "2015.??.??"]
[WhiteTeam "SC Bergen-Enkheim"]
[BlackTeam "SG Hochneukirch"]

1. d4 e6 2. g3 c5 3. e3 Nf6 4. Bg2 d5 5. c4 cxd4 6. exd4 dxc4 7. Nc3 Be7 8.
Qa4+ Bd7 9. Qxc4 Bc6 10. Nf3 Nbd7 11. O-O O-O 12. Ne5 Bxg2 13. Kxg2 Rc8 14. Qe2
Nb6 15. Be3 Bb4 16. Rac1 Bxc3 17. bxc3 Qd5+ 18. Qf3 Nc4 19. Rfe1 b5 20. Bg5
Qxf3+ 21. Kxf3 Nxe5+ 22. Rxe5 Nd5 23. Bd2 Rc4 24. Ke2 Rfc8 25. Kd3 b4 26. Rb1
bxc3 27. Bc1 Nb4+ 28. Ke3 c2 29. Rb2 Rc3+ 30. Ke2 Nd3 0-1

[Event "27.Schlosspark-Open"]
[Site "Wiesbaden-Biebrich"]
[Date "2015.08.28"]
[Round "2.13"]
[White "Kersten, Uwe"]
[Black "Neukirchner, Pascal"]
[Result "1-0"]
[WhiteElo "2300"]
[BlackElo "1932"]
[PlyCount "53"]
[EventDate "2015.??.??"]
[WhiteTeam "Kasseler SK"]
[BlackTeam "SK Gründau"]

1. e4 c5 2. Nf3 d6 3. d4 cxd4 4. Nxd4 Nf6 5. Nc3 g6 6. g3 Bg7 7. Bg2 O-O 8. O-O
Nc6 9. Nde2 Be6 10. h3 Qa5 11. Nd5 Bxd5 12. exd5 Ne5 13. Bd2 Qb5 14. b3 Ned7
15. c4 Qa6 16. a4 Nc5 17. Qc2 Rfc8 18. Rab1 b6 19. Rfc1 Rc7 20. Nd4 Qc8 21. b4
Na6 22. Be3 Nd7 23. Nc6 Ne5 24. f4 Nxc6 25. dxc6 Rxc6 26. b5 Qe6 27. Bf2 1-0

[Event "27.Schlosspark-Open"]
[Site "Wiesbaden-Biebrich"]
[Date "2015.08.28"]
[Round "2.14"]
[White "Kobs, Stephan"]
[Black "Ress, Tamas"]
[Result "0-1"]
[WhiteElo "1920"]
[BlackElo "2280"]
[PlyCount "72"]
[EventDate "2015.??.??"]
[WhiteTeam "Hildesheimer SV"]
[BlackTeam "Wiesbadener SV"]

1. e4 c5 2. Nf3 Nc6 3. d4 cxd4 4. Nxd4 Qb6 5. Nb3 Nf6 6. Nc3 e6 7. Be3 Qc7 8.
Be2 a6 9. O-O b5 10. f3 d6 11. g4 Be7 12. g5 Nd7 13. f4 b4 14. Na4 Bb7 15. Rc1
O-O 16. c4 Na5 17. Bd3 Nxb3 18. axb3 f5 19. gxf6 Nxf6 20. Qf3 Qc6 21. Qh3 e5
22. Nb6 Rae8 23. Nd5 exf4 24. Bxf4 Bc8 25. Qg2 Qd7 26. Nb6 Qa7 27. Be3 Ng4 28.
Bd4 Bf6 29. Rxf6 Rxf6 30. c5 Ne5 31. Nxc8 Rxc8 32. Bc4+ Kh8 33. Bxe5 dxe5 34.
Qe2 Qxc5+ 35. Kh1 Rcf8 36. Rd1 a5 0-1

[Event "27.Schlosspark-Open"]
[Site "Wiesbaden-Biebrich"]
[Date "2015.08.28"]
[Round "2.15"]
[White "Nasshan, Dennis"]
[Black "Rump, Andreas"]
[Result "1/2-1/2"]
[WhiteElo "2259"]
[BlackElo "1927"]
[PlyCount "180"]
[EventDate "2015.??.??"]
[WhiteTeam "SV Worms"]
[BlackTeam "SG Idstein"]

1. c4 Nf6 2. Nc3 c6 3. d4 d5 4. e3 Bf5 5. Nf3 Nbd7 6. cxd5 Nxd5 7. Nxd5 cxd5 8.
Qb3 Qa5+ 9. Bd2 Qb6 10. Bb5 Be6 11. Ne5 Rd8 12. a4 f6 13. a5 Qd6 14. Bb4 Qc7
15. Nxd7 Bxd7 16. Qxd5 a6 17. Qc5 Qxc5 18. Bxd7+ Rxd7 19. Bxc5 e5 20. Rd1 exd4
21. Bxf8 Rxf8 22. Rxd4 Rxd4 23. exd4 Kd7 24. Kd2 Re8 25. Kd3 Re6 26. Rc1 b6 27.
b4 f5 28. axb6 Rxb6 29. Rc4 g6 30. Kd2 Rb5 31. Kc3 a5 32. Kb3 Rb7 33. Kc3 axb4+
34. Rxb4 Rc7+ 35. Kd3 Ra7 36. Rb2 Kc6 37. Rc2+ Kd5 38. Rc5+ Kd6 39. h3 Ra3+ 40.
Rc3 Ra2 41. Ke3 Ra4 42. Rb3 Ra7 43. g4 fxg4 44. hxg4 Re7+ 45. Kd3 Rf7 46. Ke3
Re7+ 47. Kf3 Rf7+ 48. Kg3 Kd5 49. Rb4 Ke4 50. Ra4 Rf3+ 51. Kg2 Rf7 52. f3+ Kd5
53. Kf2 Re7 54. Rb4 Re6 55. Rb7 Kxd4 56. Rxh7 Ke5 57. Rf7 Ra6 58. g5 Re6 59.
Kg3 Ra6 60. Rf8 Rb6 61. Kg4 Rb1 62. Re8+ Kd5 63. Kf4 Rb4+ 64. Re4 Rb3 65. Re5+
Kd6 66. Re8 Rb4+ 67. Kg3 Rb5 68. Kg4 Rb4+ 69. Re4 Rb1 70. Re8 Rb4+ 71. f4 Kd7
72. Re1 Ra4 73. Re3 Rb4 74. Kf3 Ra4 75. Re4 Ra3+ 76. Kg4 Ra1 77. Kg3 Ra3+ 78.
Kh4 Ra1 79. Kg4 Rb1 80. Re3 Ra1 81. Kf3 Ra4 82. Re5 Ra3+ 83. Kf2 Rb3 84. f5
gxf5 85. Rxf5 Ke6 86. Rf6+ Ke7 87. Rf4 Ra3 88. Kg2 Rb3 89. g6 Rb6 90. Rg4 Kf8
1/2-1/2

[Event "27.Schlosspark-Open"]
[Site "Wiesbaden-Biebrich"]
[Date "2015.08.28"]
[Round "2.16"]
[White "Mütsch, Annmarie"]
[Black "Bingert, Tim Niklas"]
[Result "1/2-1/2"]
[WhiteElo "1914"]
[BlackElo "2253"]
[PlyCount "84"]
[EventDate "2015.??.??"]
[WhiteTeam "SC Eppingen"]
[BlackTeam "SV Hofheim"]

1. e4 e5 2. Nf3 Nc6 3. Bc4 Bc5 4. c3 Nf6 5. d3 O-O 6. Nbd2 d6 7. O-O Ne7 8. Re1
Ng6 9. Nf1 c6 10. Bb3 h6 11. Ng3 Bb6 12. h3 d5 13. exd5 Nxd5 14. d4 exd4 15.
Nxd4 Be6 16. Rf1 Qh4 17. Ndf5 Qf6 18. Bc2 Ndf4 19. Qg4 Qg5 20. Qxg5 hxg5 21.
Be3 Rfd8 22. Rfd1 Kf8 23. Bb3 Bxe3 24. Nxe3 Ne5 25. Bxe6 Nxe6 26. Ne4 g6 27.
Nf6 Ke7 28. Neg4 Nxg4 29. Nxg4 Rxd1+ 30. Rxd1 Rd8 31. Rxd8 Nxd8 32. Kf1 Ne6 33.
Ne3 Nf4 34. g3 Nd3 35. Nd1 Ke6 36. Ke2 Ne5 37. Ne3 f5 38. b3 b6 39. Nc2 Kd5 40.
Ne1 Ke4 41. f3+ Kd5 42. Ke3 Ke6 1/2-1/2

[Event "27.Schlosspark-Open"]
[Site "Wiesbaden-Biebrich"]
[Date "2015.08.28"]
[Round "2.17"]
[White "Grimm, Julius"]
[Black "Rochau, Normen"]
[Result "1-0"]
[WhiteElo "2201"]
[BlackElo "1917"]
[PlyCount "57"]
[EventDate "2015.??.??"]
[WhiteTeam "Schachforum Darmstadt"]
[BlackTeam "Karlsruher SF"]

1. d4 Nf6 2. c4 g6 3. Nc3 d5 4. Nf3 Bg7 5. Qb3 dxc4 6. Qxc4 a6 7. e4 b5 8. Qb3
Bb7 9. e5 Nd5 10. h4 Nxc3 11. bxc3 Nc6 12. a4 Rb8 13. axb5 axb5 14. Bxb5 O-O
15. Qc4 Na5 16. Rxa5 Bxf3 17. gxf3 c6 18. Qb4 cxb5 19. Rxb5 Ra8 20. O-O Qd7 21.
Kg2 Ra7 22. Bf4 f6 23. Qb3+ e6 24. Rb8 fxe5 25. Rxf8+ Bxf8 26. Bxe5 Qc6 27. Re1
Ra3 28. Qb8 Rxc3 29. d5 1-0

[Event "27.Schlosspark-Open"]
[Site "Wiesbaden-Biebrich"]
[Date "2015.08.28"]
[Round "2.18"]
[White "Nagel, Bernhard"]
[Black "Modric, Vladimir"]
[Result "1-0"]
[WhiteElo "2192"]
[BlackElo "1911"]
[PlyCount "97"]
[EventDate "2015.??.??"]
[WhiteTeam "Wiesbadener SV"]
[BlackTeam "SC Nied"]

1. d4 e6 2. c4 f5 3. g3 Nf6 4. Bg2 Be7 5. Nf3 O-O 6. O-O Ne4 7. Nc3 Nxc3 8.
bxc3 d6 9. Ba3 Nc6 10. Qd3 Qe8 11. d5 Nd8 12. dxe6 Nxe6 13. Nd4 Nc5 14. Bxc5
dxc5 15. Nb5 Qd8 16. Qd5+ Kh8 17. Qe5 Bd6 18. Nxd6 cxd6 19. Qf4 Qf6 20. Rad1
Rd8 21. Rd3 a5 22. Rb1 g5 23. Qd2 f4 24. Rb6 Ra6 25. Qb2 Be6 26. Bd5 Bxd5 27.
Rxd5 fxg3 28. hxg3 Rxb6 29. Qxb6 Rf8 30. f3 Qxc3 31. Kf2 g4 32. Qxd6 Re8 33.
Rd3 Qb2 34. Re3 Rg8 35. Qe5+ Qxe5 36. Rxe5 gxf3 37. exf3 Rd8 38. Rxc5 Rd2+ 39.
Ke3 Rxa2 40. Rc8+ Kg7 41. Rc7+ Kg6 42. Rxb7 a4 43. Rb6+ Kf7 44. Ra6 a3 45. Kd4
Rd2+ 46. Kc3 Rf2 47. Rxa3 Rxf3+ 48. Kb4 Rf1 49. Re3 1-0

[Event "27.Schlosspark-Open"]
[Site "Wiesbaden-Biebrich"]
[Date "2015.08.28"]
[Round "2.19"]
[White "Adam, Wilfried"]
[Black "Chandler, Patrick"]
[Result "0-1"]
[WhiteElo "1904"]
[BlackElo "2172"]
[PlyCount "120"]
[EventDate "2015.??.??"]
[WhiteTeam "SC Bad Wimpfen"]
[BlackTeam "SC Gelnhausen"]

1. e4 c5 2. Nf3 Nc6 3. d3 g6 4. g3 Bg7 5. Bg2 b6 6. O-O Bb7 7. Nbd2 Nf6 8. h3
d5 9. Nh2 O-O 10. Ng4 e6 11. Nxf6+ Bxf6 12. exd5 exd5 13. Nf3 Re8 14. c3 d4 15.
c4 Qd7 16. Bf4 Bg7 17. Qd2 f6 18. h4 Nd8 19. Rfe1 Nf7 20. Rxe8+ Rxe8 21. Re1 h6
22. Rxe8+ Qxe8 23. Qe1 Qd7 24. Qe2 g5 25. hxg5 hxg5 26. Bc1 Bf8 27. Ne1 Bxg2
28. Kxg2 Kg7 29. f4 g4 30. Kh2 f5 31. Ng2 Qe7 32. Qxe7 Bxe7 33. Kg1 Kf6 34. Kf2
Ke6 35. Bd2 Kd7 36. Be1 Kc6 37. Ke2 b5 38. b3 Nd6 39. Nh4 Bxh4 40. gxh4 Ne8 41.
h5 Nf6 42. h6 Kd7 43. Bh4 Ke6 44. a4 Kf7 45. a5 Kg6 46. Bg5 Nd7 47. Kf2 Nb8 48.
Be7 Nc6 49. Bxc5 a6 50. Bb6 Kxh6 51. Kg3 Kg6 52. Kh4 Nb4 53. Bxd4 Nxd3 54. Kg3
Kf7 55. Be3 Ke6 56. Kh4 Nb2 57. c5 Nc4 58. Bd4 Nxa5 59. Bc3 Nc6 60. Be1 a5 0-1

[Event "27.Schlosspark-Open"]
[Site "Wiesbaden-Biebrich"]
[Date "2015.08.28"]
[Round "2.20"]
[White "Koch, Markus"]
[Black "Krastev, Alexander"]
[Result "1-0"]
[WhiteElo "2170"]
[BlackElo "1900"]
[PlyCount "91"]
[EventDate "2015.??.??"]
[WhiteTeam "SC Brett vorm Kopp"]
[BlackTeam "Biebertaler SF"]

1. d4 Nf6 2. c4 c5 3. d5 g6 4. Nc3 Bg7 5. e4 d6 6. Nge2 O-O 7. Ng3 e6 8. Be2
exd5 9. cxd5 a6 10. a4 h5 11. Bg5 Qc7 12. Qd2 Re8 13. O-O Nh7 14. Bh4 Nd7 15.
Rac1 Ndf6 16. h3 Bd7 17. b4 c4 18. Kh1 b5 19. a5 Qc8 20. Kh2 Qd8 21. f4 Nxe4
22. Ncxe4 Qxh4 23. Nxd6 Red8 24. Nb7 Re8 25. Nc5 Bg4 26. d6 Nf6 27. Bf3 Bxf3
28. Rxf3 Red8 29. Re1 Bf8 30. Nge4 Nxe4 31. Nxe4 Bxd6 32. g3 Qe7 33. Qc3 Bxb4
34. Nf6+ Kh8 35. Rxe7 Bxc3 36. Rxc3 Kg7 37. Ne4 Kf8 38. Rb7 Re8 39. Nf2 Re2 40.
Kg2 Ra2 41. f5 Kg7 42. fxg6 Kxg6 43. Rf3 Rxa5 44. Rfxf7 Rc8 45. Ne4 Rc6 46. Kf3
1-0

[Event "27.Schlosspark-Open"]
[Site "Wiesbaden-Biebrich"]
[Date "2015.08.28"]
[Round "2.21"]
[White "Pioch, Thomas"]
[Black "Schmidt, Volker"]
[Result "1/2-1/2"]
[WhiteElo "2157"]
[BlackElo "1892"]
[PlyCount "35"]
[EventDate "2015.??.??"]
[WhiteTeam "SF Mainz"]
[BlackTeam "TuS Dotzheim"]

1. e4 c5 2. Nf3 d6 3. d4 cxd4 4. Nxd4 Nf6 5. Nc3 g6 6. Be3 Bg7 7. f3 O-O 8. Qd2
Nc6 9. g4 Bxg4 10. fxg4 Nxg4 11. Nxc6 bxc6 12. Be2 Nxe3 13. Qxe3 Qa5 14. O-O d5
15. exd5 cxd5 16. Qc1 Bxc3 17. bxc3 Qxc3 18. Kh1 1/2-1/2

[Event "27.Schlosspark-Open"]
[Site "Wiesbaden-Biebrich"]
[Date "2015.08.28"]
[Round "2.22"]
[White "Schmitt, Clemens"]
[Black "Haas, Frank-Martin"]
[Result "0-1"]
[WhiteElo "1895"]
[BlackElo "2151"]
[PlyCount "88"]
[EventDate "2015.??.??"]
[WhiteTeam "SV Bergwinkel"]
[BlackTeam "SV Walldorf"]

1. c4 e5 2. g3 Nf6 3. Bg2 d5 4. cxd5 Nxd5 5. Nc3 Nb6 6. e3 c5 7. Nge2 Nc6 8.
O-O Be7 9. f4 exf4 10. Nxf4 O-O 11. b3 Ne5 12. Bb2 Ng4 13. Qe2 Nf6 14. Ne4 Nbd5
15. Nh5 Nxh5 16. Qxh5 f5 17. Nc3 Nb4 18. Rad1 Nd3 19. Ba1 Bf6 20. Bd5+ Kh8 21.
e4 Nb4 22. Bf7 Qb6 23. Kg2 Bd4 24. Nd5 Nxd5 25. Bxd4 cxd4 26. Bxd5 g6 27. Qh6
Be6 28. Bxe6 Qxe6 29. exf5 Rxf5 30. Rxf5 Qxf5 31. Rf1 Qe4+ 32. Kg1 Qe7 33. Qf4
Rd8 34. Qf6+ Qxf6 35. Rxf6 Kg7 36. Rf4 Rd6 37. Kf2 g5 38. Rf3 g4 39. Rf4 Rf6
40. Ke2 Rxf4 41. gxf4 Kf6 42. Kf2 Kf5 43. Kg3 d3 44. b4 b5 0-1

[Event "27.Schlosspark-Open"]
[Site "Wiesbaden-Biebrich"]
[Date "2015.08.28"]
[Round "2.23"]
[White "Puschendorf, Steffen"]
[Black "Klebs, Sebastian"]
[Result "1-0"]
[WhiteElo "2130"]
[BlackElo "1890"]
[PlyCount "63"]
[EventDate "2015.??.??"]
[WhiteTeam "ESV Gera"]
[BlackTeam "Karlsruher SF"]

1. d4 d5 2. c4 c6 3. Nf3 e6 4. e3 Nf6 5. Bd3 Nbd7 6. O-O Be7 7. b3 O-O 8. Bb2
b6 9. Nc3 Bb7 10. Ne5 dxc4 11. bxc4 c5 12. Qe2 cxd4 13. exd4 Nxe5 14. dxe5 Nd7
15. Rad1 Qc7 16. Nb5 Qc6 17. f3 Nc5 18. Bb1 Rfe8 19. Rd4 a6 20. Nd6 Bxd6 21.
exd6 e5 22. Rh4 g6 23. Qd2 f5 24. Rd1 Rad8 25. Bxf5 Na4 26. Ba3 Nc5 27. Bb1 Re6
28. Be4 Nxe4 29. Rxe4 Qa4 30. Re3 Qd7 31. Qb2 b5 32. Rxe5 1-0

[Event "27.Schlosspark-Open"]
[Site "Wiesbaden-Biebrich"]
[Date "2015.08.28"]
[Round "2.24"]
[White "Fröhlich-Dill, Astrid"]
[Black "Nuding, Matthias"]
[Result "1/2-1/2"]
[WhiteElo "1890"]
[BlackElo "2126"]
[PlyCount "115"]
[EventDate "2015.??.??"]
[WhiteTeam "SV Hofheim"]
[BlackTeam "SC Noris-Tarrasch Nürnberg"]

1. d4 e6 2. e4 d5 3. exd5 exd5 4. Nf3 Nc6 5. Bb5 Bd6 6. O-O Nge7 7. Bg5 O-O 8.
c4 dxc4 9. Bxc6 bxc6 10. Nbd2 Be6 11. Rc1 Rb8 12. Nxc4 Bxc4 13. Rxc4 Rxb2 14.
Qa4 f6 15. Bc1 Rb7 16. Ba3 Bxa3 17. Qxa3 Qd6 18. Rc5 Rfb8 19. Qa6 Rb1 20. Qc4+
Kf8 21. g3 R1b4 22. Qc2 g6 23. Re1 R8b5 24. Qd2 Kg7 25. Rec1 Rb1 26. Rxb1 Rxb1+
27. Kg2 Rb5 28. Qc2 Rxc5 29. Qxc5 Qxc5 30. dxc5 Nd5 31. Nd4 Nb4 32. a3 Na6 33.
Nxc6 Nxc5 34. Nxa7 Kf7 35. Nb5 Na6 36. Kf3 Ke6 37. Ke3 Kd5 38. Nc3+ Kc4 39. Ne4
f5 40. Ng5 Kb3 41. Nxh7 c5 42. Nf6 Nc7 43. Nd7 c4 44. Nc5+ Kxa3 45. Kd4 Kb4 46.
h4 Nb5+ 47. Kd5 Nc3+ 48. Kd4 Nb5+ 49. Kd5 Nc3+ 50. Kd4 Ne4 51. Nd3+ cxd3 52.
Kxd3 Nxf2+ 53. Ke3 Nh1 54. Kf4 Nxg3 55. Kxg3 Kc4 56. Kf4 Kd5 57. h5 gxh5 58.
Kxf5 1/2-1/2

[Event "27.Schlosspark-Open"]
[Site "Wiesbaden-Biebrich"]
[Date "2015.08.28"]
[Round "2.25"]
[White "Pfeffer, Marko"]
[Black "Lang, Micha"]
[Result "1-0"]
[WhiteElo "2124"]
[BlackElo "1885"]
[PlyCount "47"]
[EventDate "2015.??.??"]
[WhiteTeam "SC Bergen-Enkheim"]
[BlackTeam "SC Weiterstadt"]

1. e4 Nf6 2. e5 Nd5 3. c4 Nb6 4. c5 Nd5 5. Bc4 e6 6. Nc3 Nxc3 7. bxc3 b6 8.
cxb6 axb6 9. d4 Bb7 10. Qg4 Qe7 11. Nf3 Nc6 12. a4 Na5 13. Ba3 c5 14. Bb5 h5
15. Qf4 Rc8 16. O-O Rg8 17. dxc5 bxc5 18. Rfd1 Rc7 19. Ng5 Bd5 20. c4 Nxc4 21.
Bxc4 Bxc4 22. Ne4 Qd8 23. Nd6+ Bxd6 24. exd6 1-0